| 000 | 01448nam a2200265 4500 | ||
|---|---|---|---|
| 005 | 20220113104125.0 | ||
| 008 | 220113s1935 gw ||||fr|||| 00| f eng d | ||
| 040 |
_aCO-BoUCM _bspa _cSandra Yazo _dSandra Yazo |
||
| 082 | 0 | 4 |
_220 _a823.9 |
| 092 | _aE51N066 | ||
| 100 | 1 |
_aWaugh, Evelyn, _c(Seud.) _d1903-1966 _qEvelyn Arthur St John _9172883 |
|
| 242 | 0 | 3 |
_aUn puñado de polvo _cpor Evelyn Waugh _yspa |
| 245 | 1 | 2 |
_aA handful of dust _cby Evelyn Waugh |
| 260 |
_aHamburg [Hamburgo] (Alemania) _bBy the Albatross Verlag ; Printing Oscar Brandstettter [Por Ediciones Albatros ; Impresor Oscar Brandstetter] _c1935 |
||
| 300 |
_a242 páginas _c19 x 12 cm. |
||
| 490 | 0 |
_aThe Albatross Modern Continental Library _v251 |
|
| 500 | _aDetalles físicos: Encuadernación rústica en lomo y tapas de cartulina. Cubierta y solapas de papel. Tapas impresas; la delantera, con datos de la obra. Anteportada. Portada impresa en una sola tinta. Índice. Texto impreso en una sola columna, con diferentes tipos y tamaños de letra. | ||
| 505 | 0 | _aAl lado de la casa de Beaver ; Gótico inglés ; Un queso duro sobre Tony ; Gótico inglés II ; En busca de una ciudad ; Junto a la casa de Todd ; Gótico inglés III | |
| 506 | _aConsulta en sala | ||
| 546 | _aTexto en inglés | ||
| 650 | 7 |
_aNovela inglesa _ySiglo XX _990535 |
|
| 650 | 7 |
_9272 _aLiteratura inglesa |
|
| 690 |
_aLiteratura europea _926524 |
||
| 942 |
_2LOCAL _cLIBRO _e1 _hE51N066 |
||
| 999 |
_c320333 _d320333 |
||